|
|
|
|
| LEADER |
00879nam a2200277 a 4500 |
| 001 |
000710265 |
| 003 |
CZ BrMZK |
| 005 |
20040802142349.0 |
| 007 |
ta |
| 008 |
040401s2004 xr a e f 000 0 cze d |
| 020 |
|
|
|q (brož.)
|
| 040 |
|
|
|a BOA001
|b cze
|
| 072 |
|
7 |
|a 004.7
|x Počítačové sítě
|2 Konspekt
|9 23
|
| 080 |
|
|
|a 004.738.5
|2 MRF
|
| 080 |
|
|
|a (035)
|2 MRF
|
| 100 |
1 |
|
|a Bednář, Vojtěch,
|d 1979-
|7 mzk2004236969
|4 aut
|
| 245 |
1 |
0 |
|a Všechny cesty na intenet /
|c Vojtěch Bednář
|
| 260 |
|
|
|a [Praha] :
|b IDG Czech,
|c c2004
|
| 300 |
|
|
|a 48 s. :
|b il. ;
|c 15 cm
|
| 500 |
|
|
|a Samost. příl. časopisu: PC World
|
| 650 |
0 |
7 |
|a internet
|7 ph117022
|2 czenas
|
| 655 |
|
7 |
|a příručky
|7 fd133209
|2 czenas
|
| 772 |
1 |
8 |
|t PC World
|
| 910 |
|
|
|a BOA001
|b 1-1137.459
|
| 990 |
|
|
|a BK
|
| 996 |
6 |
|
|b 2610222298
|c 1-1137.459
|l MZK
|r Sklad / do 1 hodiny
|n 2
|p p.v.
|w 000710265
|u 000010
|a 1
|e BOA001
|j MZK50
|s P
|